Top Pharma companies by revenue - Statistics

General Stats
  • This quiz has been taken 51 times
  • The average score is 10 of 63
Answer Stats
Hint Answer % Correct
$63.6B Pfizer
92%
$88.8B Johnson & Johnson
89%
$54.1B AstraZeneca
63%
$65.3B Roche
58%
$64.2B Merck
53%
$26B Bayer
50%
$50.3B Novartis
50%
$42.1B Novo Nordisk
47%
$45B Eli Lilly
45%
$3.24B Moderna
45%
$44.46B Sanofi
45%
$40.1B GSK
42%
$56.3B Abbvie
37%
$33.4B Amgen
29%
$28.6B Gilead
18%
$16.5B Teva
18%
$9.68B Biogen
16%
$48.3B BMS
16%
$14.2B Regeneron
13%
$10.4B Sandoz
13%
$29B Boehringer Ingelheim
11%
$2.8B Apotex
8%
$10.64B Baxter
8%
$2.98B BioNTech
8%
$30.9B Takeda
8%
$11.02B Vertex
8%
$15.2B CSL
5%
$10.6B Daiichi Sankyo
5%
$5.21B Menarini
5%
$4.04B STADA
5%
$14.7 Viatris
5%
$2.33B Angelini
3%
$2.3B Argenx
3%
$10.6B Astellas
3%
$3.85B Chiesi
3%
$1.92B Eurofarma
3%
$8B Fresenius Kabi
3%
$8.16B Grifols
3%
$4.24B Incyte
3%
$19.1B Merck KGaA
3%
$9.19B Otsuka
3%
$3.5B Pierre Fabre
3%
$2.87B Shionogi
3%
$6.66B UCB
3%
$2.12B Alfasigma
0%
$9.63B Bausch Health
0%
$4.52B Biomerieux
0%
$2.5B Celltrion
0%
$7.74B Chugai
0%
$4.9B Eisai
0%
$2.64B Ferring
0%
$3.26B Genmab
0%
$1.8B Grunenthal
0%
$1.31B Hypera
0%
$3.68B Ipsen
0%
$4.07B Jazz
0%
$2.92B Kyowa Kirin
0%
$1.89B LEO
0%
$3.19B Lundbeck
0%
$6.4B Organon
0%
$4.37B Perrigo
0%
$6.39B Servier
0%
$2.08B Sumitomo pharma
0%
No matching quizzes found
Score Distribution
Percent of People with Each Score
Percentile by Number Answered
Your Score History
You have not taken this quiz